000 00816cam a22002654a 4500
001 2841
005 20250724145303.0
020 _a9780516258447
040 _aDLC
_cDLC
_dDLC
_beng
050 0 0 _aQC178.T78
_b 2004
082 0 0 _a531.14
100 1 _aTrumbauer, Lisa
_d1963-
245 1 0 _aWhat is gravity? /
_cby Lisa Trumbauer.
260 _aNew York :
_bScholastic ;
_c2004
300 _a31 page :
_bcolor illustrations ;
_c19 cm.
490 _aRookie Read-About Science
505 _aH
520 _aA simple introduction to gravity, describing what it is and giving some effects of this force.
521 _a440
_bLexile
521 _aH
_bRaz-Plus
650 0 _aGravity
_vJuvenile literature.
650 1 _aGravity.
906 _a7
_bcbc
_corignew
_d1
_eecip
_f20
_gy-gencatlg
942 _2ddc
_cBK
_n0
999 _c2841
_d2841